Public policy and politics in India / (Record no. 75095)

MARC details
000 -LEADER
fixed length control field 00621nam a22002057a 4500
005 - DATE AND TIME OF LATEST TRANSACTION
control field 20130506122704.0
010 ## - LCCN (DPL NO)
LC control number ENG-106971
020 ## - INTERNATIONAL STANDARD BOOK NUMBER
International Standard Book Number 978198077596
Terms of availability 795.00
020 ## - INTERNATIONAL STANDARD BOOK NUMBER
International Standard Book Number 0198077599
Terms of availability 795.00
035 ## - SYSTEM CONTROL NUMBER
System control number EN-90504
037 ## - SOURCE OF ACQUISITION
Source of stock number/acquisition DBAD/PUB
082 ## - DEWEY DECIMAL CLASSIFICATION NUMBER
Classification number 320.60954
100 ## - MAIN ENTRY--PERSONAL NAME
Personal name Mathur, Kuldeep
245 ## - TITLE STATEMENT
Title Public policy and politics in India /
Statement of responsibility, etc by Kuldeep Mathur
260 ## - PUBLICATION, DISTRIBUTION, ETC. (IMPRINT)
Place of publication, distribution, etc New Delhi
Name of publisher, distributor, etc Oxford University Press
Date of publication, distribution, etc 2013
270 ## - ADDRESS
Address YMCA Library Building, 1 Jaisingh Road
City New Delhi
Postal code 110001
300 ## - PHYSICAL DESCRIPTION
Extent x,295p.
Dimensions 23cm(Hb)
500 ## - GENERAL NOTE
General note Includes index
942 ## - ADDED ENTRY ELEMENTS (KOHA)
Source of classification or shelving scheme Dewey Decimal Classification
Item type English Books
Call number suffix MAT
Classification part 320.60954
Holdings
Withdrawn status Lost status Not for loan Collection code Home library Current library Date acquired Source of acquisition Cost, normal purchase price Full call number Barcode Copy number Cost, replacement price Koha item type
    Not For Loan Non-fiction D.B.Act.Division D.B.Act.Division 03/05/2013 DBAD/PUB 795.00 320.60954 MAT EN-90504 1 795.00 English Books

© Delhi Public Library
Hit Counter
free hit counter